000 00848amm a2200301a 44500
008 200117s2017 cat
041 _acat
245 _aAbelles de les Balears
245 _h[en línia]
260 _a[S.l.]
260 _bDirecció General d'Innovació i Recerca
260 _bGovern de les Illes Balears. Direcció General d'Agricultura i Ramaderia
260 _c2017
300 _a1 cartell
_bil.
500 _aNom científic
520 _a72
592 _aObra terminològica
593 _aDGG
593 _aFJ
650 _aabelles
_961749
650 _ainsectes
_962668
856 _uhttps://drive.google.com/open?id=1BQOgtcE7zudVriTweph6reLNfwucZsFF
901 _c<2017>
902 _a200117
942 _cMO
_n0
999 _c67601
_d67601